Score 0/27 Timer 03:00
3 Plays Today
Hint 4-Letter Word % Correct
🞉 Car entrance 🞉DOOR
96.4%
Owl noiseHOOT
92.9%
🞉 Car bonnet 🞉HOOD
91.5%
Sound a dog makesBARK
90.5%
Time period before EasterLENT
88.8%
Give temporarilyLEND
88.7%
Edge of a riverBANK
88.3%
Without clothingBARE
87.8%
Musical rhythmBEAT
87.4%
🞉 Car baggage space (UK) 🞉BOOT
87%
🞉 Place in a car to put the fuel 🞉TANK
86.5%
Money paid for transportationFARE
86.5%
Music groupBAND
86.1%
🞉 Rubber part of the wheel 🞉TIRE
85.1%
Hint 4-Letter Word % Correct
Force into an angleBEND
84.1%
Current state of mindMOOD
83.7%
Pull the triggerFIRE
83.6%
🞉 Place for your body 🞉SEAT
83%
Shrubby wastelandMOOR
82.2%
Email folderSENT
81.5%
Nut's companionBOLT
78.3%
🞉 V, serpentine, timing, e.g. 🞉BELT
76.7%
Necklace ballBEAD
73.1%
Popular AM radio formatTALK
70.5%
Pitcher's penalized moveBALK
70.1%
🞉 High tension ____ 🞉LEAD
70.1%
Thread-bareBALD
67.8%

Today's Daily Dose

Remove Ads.
Support Sporcle.
Get the best of Sporcle when you Go Orange. This ad-free experience offers more features, more stats, and more fun while also helping to support Sporcle. Thank you for becoming a member.

You're not logged in!

Compare scores with friends on all Sporcle quizzes.
OR
Log In

Show Comments

Extras

Top Quizzes Today


Score Distribution

Your Account Isn't Verified!

In order to create a playlist on Sporcle, you need to verify the email address you used during registration. Go to your Sporcle Settings to finish the process.

Report this User

Report this user for behavior that violates our Community Guidelines.

Details: